| 000 | 00485nam a22001697a 4500 | ||
|---|---|---|---|
| 003 | CEME | ||
| 005 | 20210628202453.0 | ||
| 008 | 210121b xxu||||| |||| 00| 0 eng d | ||
| 020 | _a81-7449-367-8 | ||
| 022 | _a658 MUR | ||
| 040 | _cceme | ||
| 100 |
_aMurphy, Emmett . C , Murphy, Mark . A _960046 |
||
| 245 | _aLeading on the edge of chaos ,the 10 critical elements for success in volatile times | ||
| 260 |
_aNEW DELHI _bKOGAN PAGE _c2003 |
||
| 300 | _aXIV226P | ||
| 942 |
_cBK _2ddc |
||
| 999 |
_c569882 _d569882 |
||